000 00458nam a2200133Ia 4500
008 231129s2012||||xx |||||||||||||| ||spa||
020 _a978-958-753-078-0
040 _bspa
082 _a363.69 D331d
245 0 _aDel monumento al pensamiento patrimonio de Colombia para la humanidad
260 _c2012
264 _aBogotá Colombia : Ministerio de Cultura: ArtBo; Ecopetrol; Museo Nacional de Colombia
942 _2ddc
_cBKS
999 _c8900
_d8900